| 000 | 00658nam a2200181Ia 4500 | ||
|---|---|---|---|
| 008 | 190422s9999 xx 000 0 und d | ||
| 100 | _aJohnsson, Katrin | ||
| 245 | _aRepresentation and mediation in digitalized work: Evidence from maintenance of mining machinery / | ||
| 245 | _c.--Katrin Johnsson, Lars Mathiassen and Jonny Holmstrom | ||
| 260 | _bAssociation for Information Technology Trust | ||
| 260 | _c2018 | ||
| 300 | _apages 216-232, September 2018 | ||
| 440 |
_aJournal of Information Technology _v33(3) |
||
| 650 | _aCondition-based Maintenance | ||
| 650 | _aDigital Mediation | ||
| 650 | _aDigital Representation | ||
| 650 | _aFiguration | ||
| 999 |
_c361456 _d361456 |
||